000 00470nam a2200193Ia 4500
003 OSt
005 20230328101318.0
008 210423s2000 xx 000 0 und d
040 _cAL
041 _aeng
082 _a372.6 MATS
100 _aMATTERSON (Stephen);JONES (Darryl).
_978644
245 _aStudying: poetry.
260 _aNew Delhi
_bHodder Education
_c2000
300 _a188
365 _b1169
_cINR
906 _apoetry. ; Studying:
942 _2ddc
_cBK
999 _c156157
_d156157